| 000 | 00374 a2200109 4500 | ||
|---|---|---|---|
| 001 | ART_40202 | ||
| 005 | 20260410161952.0 | ||
| 008 | 260409a | ||
| 245 | 1 | 0 | _aAnálisis del servicio público de gas domiciliario desde la ley 24076 |
| 100 | 1 | _aAlvarez Larrondo, Federico M. | |
| 773 | 0 |
_tTemas de derecho comercial _g- Año 2, Nº 9 (sep. 2016) _wREV28151 |
|
| 999 |
_c30481 _d30481 |
||